000 00423nam a22001577a 4500
003 OSt
005 20220323152610.0
008 220323b |||||||| |||| 00| 0 eng d
020 _a9781844073924
040 _cCML
082 _221
_a331.40BOS
245 _aWOMAN'S ROLE IN ECONOMIC DEVELOPMENT
_cBOSERUP, ESTER
260 _aLONDON
_bEARTHSCAN PUBLISHING
_c2011
300 _bxxxiv, 271p.
_cill.
942 _2ddc
_cBK
_k330.40
_mBOS
999 _c3942
_d3942